| 000 | 00761cam a2200229Ia 4500 | ||
|---|---|---|---|
| 020 | _a9789251058428 | ||
| 020 | _a9251058423 | ||
| 040 | _cBTC COD 2007 C101 Or. | ||
| 110 | 2 | _aJoint FAO/WHO Codex Alimentarius Commission. | |
| 245 | 1 | 0 |
_aCodex alimentarius : _bcereals, pulses, legumes and vegetable proteins / |
| 246 | 3 | 0 | _aCereals, pulses, legumes and vegetable proteins |
| 250 | _aFirst edition | ||
| 300 |
_a106 pages ; _c25 cm |
||
| 490 | 1 | _aCodex alimentarius, | |
| 650 | 0 | _aFood law and legislation. | |
| 650 | 0 | _aFood industry and trade | |
| 650 | 0 | _aFood | |
| 710 | 2 | _aWorld Health Organization. | |
| 710 | 2 | _aFood and Agriculture Organization of the United Nations. | |
| 710 | 2 | _aJoint FAO/WHO Food Standards Programme. | |
| 942 | _cAEDBB | ||
| 999 |
_c20879 _d20879 |
||